| 000 | 02562nam a2200457 a 4500 | ||
|---|---|---|---|
| 003 | CHAP | ||
| 005 | 20250121120505.0 | ||
| 007 | cr ||||||a|c|a | ||
| 008 | 110119s2010 mx r 00010 spa d | ||
| 035 | _a111952 | ||
| 040 | _cCHAP | ||
| 090 | _aTesis | ||
| 100 | 0 | 0 |
_aPérez Soto, Ma. Teresa. _990047 |
| 245 | 1 | 0 |
_aAnálisis de los índices de pobreza y marginación social en el Estado de Morelos _c/por Ma. Teresa Pérez Soto; director de tesis Francisco Pérez Soto. |
| 264 | 1 |
_aChapingo, Méx. : _bEl autor, _c2010. |
|
| 300 |
_a1 recurso en línea (117 páginas): _bfiguras, cuadros. |
||
| 336 |
_2rdacontent _atexto _btxt |
||
| 337 |
_2rdamedia _acomputadora _bc |
||
| 338 |
_2rdacarrier _arecursos en línea _bcr |
||
| 502 |
_bDCEA _cDICEA _d2010. _gDOC |
||
| 520 | _aEn el presente trabajo se retomaron tres métodos para medir la pobreza en el estado de Morelos. En el enfoque de ingresos una vez integrados los tres índices, se obtuvo un índice de Sen de 0.0069 por ciento, lo cual nos revela un índice de pobreza muy bajo, ya que entre más cercano sea éste a cero la pobreza es menor. Respecto al enfoque de necesidades básicas insatisfechas se obtuvo: INBI*p: Índice de Necesidades Básicas Insatisfechas de los pobres:INBI*p = 0.4652087 INBI*p: Índice de Necesidades Básicas Insatisfechas de los pobres en extremo: INBI*pe = 0.44135189 Para la muestra seleccionada el Índice de Desarrollo Humano obtenido fue de 0.78 por lo que el estado de Morelos se ubica con un grado de desarrollo medio de acuerdo con la clasificación del PNUD con un 0.788 por abajo del índice de desarrollo del país para el año 2007 pero por arriba del año 2010. | ||
| 590 |
_aALEPH _b10 _c20130110 |
||
| 590 |
_aBATCH-UPD _b10 _c20130110 |
||
| 590 |
_aBATCH-UPD _b10 _c20130410 |
||
| 590 |
_aBATCH-UPD _b10 _c20130914 |
||
| 590 |
_aBATCH-UPD _b10 _c20140324 |
||
| 590 |
_aBATCH-UPD _b10 _c20141002 |
||
| 590 |
_aCONVERSION _b10 _c20130109 |
||
| 650 | 1 | 4 |
_aDesarrollo de la comunidad rural _xMorelos. _932016 |
| 650 | 1 | 4 |
_aMarginalidad social. _971348 |
| 650 | 1 | 4 |
_aMorelos _xEstadísticas. _978531 |
| 650 | 1 | 4 |
_aPobreza. _989463 |
| 700 | 1 |
_aPérez Soto, Francisco _990046 _eDirector de tesis. |
|
| 856 |
_uhttp://10.13.5.2/tesis/111952.pdf _zDESCARGAR PDF |
||
| 901 | _aBK | ||
| 942 |
_cTD _2Clasificación Universidad Autónoma Chapingo |
||
| 949 |
_aTesis _bBC _cTES _d33724002228074 _eTS2 _fc.2 _gDonaciØn _h51773 _i111952 _sb |
||
| 949 |
_aTesis _bBC _cTES _d33724002228116 _eTS1 _gDonaciØn _h51772 _i111952 _sb |
||
| 999 |
_c100293 _d100293 |
||